00755cam a2200241 a 4500001001000000003000900010005001700019007000300036008004100039020001500080040002500095082002200120100004800142245004200190264005300232300002800285336002700313337003300340338002800373490004200401650002800443650004200471000009363DO-SdBNP20240709094259.0ta980914s1997 pr 000 f spa d a1563280833 aDO-SdBNPbspacBNPHU aPR8.44bR696c2221 aRodríguez Juliá, Edgardo,d1946-eautor10aCartagena /cEdgardo Rodriguez Julia. 4aRio Piedras, Puerto Rico :bPlaza Mayor,cc1997. a292 páginas ;c21 cm. 2rdacontentatextobtxt 2rdamediaasin mediaciónbn 2rdacarrieravolumenbnc1 aBiblioteca de autores de Puerto Rico. 4aNovela puertorriqueña 4aLiteratura puertorriqueñaySIGLO XX